| 000 | 02952 a2200229 4500 | ||
|---|---|---|---|
| 001 | 39375 | ||
| 005 | 20260407155652.0 | ||
| 008 | 260407a1973 arg spa d | ||
| 003 | AR-UNSa-BCEJYS | ||
| 040 |
_aAR-UNSa-BCEJYS _bspa _cAR-UNSa-BCEJYS |
||
| 080 |
_a659 _xPublicidad y propaganda. Información Relaciones públicas |
||
| 245 | 1 | 0 | _aManual de relaciones públicas |
| 020 | _a84-270-0023-5 | ||
| 250 | _a4a. ed | ||
| 264 | 1 |
_aBarcelona : _bEdiciones Martínez Roca _c1973 |
|
| 300 |
_a2v.(429; 502p.) _c23 cm. |
||
| 505 | _aVol. I :1. ¿En que consisten exactamente las relaciones públicas? - 2. La naturaleza de una comunicación eficaz - 3. Relaciones públicas y dirección - 4. Relaciones públicas financiera - 5. Relaciones industriales - 6. Relaciones con los empleados - 7. Publicaciones para los empleados - 8. Relaciones públicas y asuntos laborales - 9. Relaciones sociales - 10. Papel de las relaciones públicas en la distribución - 11. Organización de unas eficaces relaciones con los concesionarios - 12. Relacones con los clientes - 13. Cómo asegurar buenas relaciones con el gobierno - 14. Relaciones públicas internacionales: I. La creciente necesidad - 15. Relaciones públicas interncionales : II. Relaciones con un público extranjero - 16. La compañia de servicio público y su público - 17. Relaciones públicas para asociaciones gremiales - 18. Relaciones públicas para instituciones o empresas financieras - 19. Relaciones públicas para los grandes almacenes - 20. Relaciones públicas para el pequeño detallista - 21. Relaciones públicas para regiones y grupos religiosos - 22. Relaciones públicas para instituciones educativas - 24. Relaciones públicas para periódicos - 25. Relaciones públicas para emisoras de radio y televisión -- Vol. II: 26. Preliminares para la publicidad - 27. Publicidad en los periódicos - 28. Publicidad de revista - 29. Libros y otras publicaciones - 30. Publicidad en la radio y en la televisión - 31. Televisión educativa - 32. Publicidad en las películas y la televisión - 33. Medios de publicidad directa - 34. Medios de publicidad directa - 35. La importancia de los grupos influyentes - 36. Los anuncios como medio de comuicación de relaciones públicas - 37. El papel de la investigación en relaciones públicas - 38. Como realizar una encuesta de opiniones o actitudes - 39. Documentación informativa para las relaciones públicas - 40. Cómo se complementa la publicidad y las relaciones públicas - 41. Como escribir inteligiblemente - 42. Como usar las artes gráficas para las relaciones públicas - 43. Organización y funcionamiento del departamento de relaciones públicas en una gran empresa - 44. El lugar y la función del consejero de relaciones públicas - 45. Principios y tendencias - Bibliografía | ||
| 942 | _cBK | ||
| 590 | _aniveau_biblio:m niveau_hierar:0 | ||
| 100 | 1 | _aLesly, Philip | |
| 700 | 1 | _aLópez Castro, Juan Francisco | |
| 999 |
_c3037 _d3037 |
||